Almost All American Boy and Girl Names (Extreme) - Statistics

General Stats
  • This quiz has been taken 83 times
  • The average score is 59 of 167
Answer Stats
Answer % Correct
John
86%
Jack
73%
Mary
72%
James
69%
Daniel
66%
Thomas
66%
William
65%
Michael
63%
Emma
62%
Olivia
62%
Paul
62%
Andrew
59%
Christopher
59%
David
59%
George
59%
Jennifer
58%
Sarah
58%
Matthew
56%
Rachel
56%
Richard
56%
Robert
56%
Charles
55%
Elizabeth
55%
Emily
55%
Jose
55%
Alexander
52%
Eric
52%
Samantha
52%
Joseph
51%
Oliver
51%
Frank
49%
Jackson
49%
Jessica
49%
Mark
49%
Hannah
48%
Michelle
48%
Brian
46%
Stephen
46%
Victoria
46%
Henry
45%
Jacob
45%
Lucas
45%
Zachary
45%
Christina
44%
Edward
44%
Ethan
44%
Jonathan
44%
Julie
44%
Laura
44%
Madison
44%
Rebecca
44%
Ryan
44%
Amanda
42%
Donna
42%
Jason
42%
Luke
42%
Nicole
42%
Anthony
41%
Carol
41%
Charlotte
41%
Grace
41%
Karen
41%
Kevin
41%
Lisa
41%
Sofia
41%
Sophia
41%
Christine
39%
Justin
39%
Katie
39%
Lily
39%
Alice
38%
Amy
38%
Ashley
38%
Benjamin
38%
Susan
38%
Tyler
38%
Ava
37%
Jeremy
37%
Kelly
37%
Lauren
37%
Liam
37%
Megan
37%
Patricia
37%
Ronald
37%
Taylor
37%
Timothy
37%
Donald
35%
Ella
35%
Melissa
35%
Nicholas
35%
Aaron
34%
Angela
34%
Joan
34%
Natalie
34%
Steven
34%
Abigail
32%
Chloe
32%
Isabella
32%
Linda
32%
Logan
32%
Evelyn
31%
Mason
31%
Max
31%
Noah
31%
Amelia
30%
Danielle
30%
Elijah
30%
Sandra
30%
Stephanie
30%
Barbara
28%
Brandon
28%
Dennis
28%
Heather
28%
Helen
28%
Jake
28%
Kyle
28%
Ruth
28%
Gary
27%
Kenneth
27%
Mia
27%
Scott
27%
Jeffrey
25%
Walter
25%
Hailey
24%
Billy
23%
Courtney
23%
Diane
23%
Janet
23%
Jerry
23%
Pamela
23%
Harold
21%
Dorothy
20%
Frances
20%
Nancy
20%
Raymond
20%
Addison
18%
Cynthia
18%
Kylie
18%
Wyatt
18%
Betty
17%
Deborah
17%
Kathleen
17%
Larry
17%
Tommy
17%
Aiden
14%
Ariana
14%
Judith
14%
Savannah
14%
Cody
13%
Jayden
13%
Levi
13%
Tiffany
13%
Judy
11%
Aubrey
10%
Sebastian
10%
Crystal
8%
Landon
8%
Melinda
8%
Spencer
8%
Debra
7%
Shane
7%
Mateo
4%
Trey
4%
Lizzy
3%
Corbin
1%
Braxton
0%
Joshwa
0%
No matching quizzes found
Score Distribution
Percent of People with Each Score
Percentile by Number Answered
Your Score History
You have not taken this quiz